000
00295nam a22001337a 4500
001
1920
003
OSt
005
20260408124155.0
008
260408b |||||||| |||| 00| 0 eng d
040
_c
599Rs
100
_a
Ranganathan,S.R
245
_a
Library Classification
942
_2
ddc
_c
BOOK
_e
2nd
_n
0
999
_c
1920
_d
1920